Southville International School and Colleges
Your cart is empty.
  • Cart
  • Lists
    Public lists Eva Luna New books Lux_list list_1
    Your lists Log in to create your own lists
  • Log in to your account
  • Your cookies
  • Search history
Southville International School and Colleges
  • Advanced search
  • Recent comments
  • Most popular
  • Libraries

Log in to your account

Log in with GOOGLE


If you do not have an external account, but do have a local account, you can still log in:

  1. Home
  2. MARC view: The hundred dresses /
Normal view MARC view ISBD view

The hundred dresses / (Record no. 110881)

[ view plain ]
MARC details
000 -LEADER
fixed length control field 00405nam a2200157 a 4500
001 - CONTROL NUMBER
control field 3680
005 - DATE AND TIME OF LATEST TRANSACTION
control field 20140414131905.0
008 - FIXED-LENGTH DATA ELEMENTS--GENERAL INFORMATION
fixed length control field 061002s19uu xx 00 eng d
020 ## - INTERNATIONAL STANDARD BOOK NUMBER
International Standard Book Number 0-590-40400-8
050 ## - LIBRARY OF CONGRESS CALL NUMBER
Classification number FIC
Item number E85 1973
100 ## - MAIN ENTRY--PERSONAL NAME
Personal name Estes, Eleanor
245 ## - TITLE STATEMENT
Title The hundred dresses /
Statement of responsibility, etc by Eleanor Estes.
260 ## - PUBLICATION, DISTRIBUTION, ETC. (IMPRINT)
Place of publication, distribution, etc New York :
Name of publisher, distributor, etc Scholastic,
Date of publication, distribution, etc c1973.
300 ## - PHYSICAL DESCRIPTION
Extent 78 p. ; cm.
Holdings
Withdrawn status Lost status Damaged status Use restrictions Home library Current library Shelving location Date acquired Source of acquisition Total Checkouts Full call number Barcode Date last seen Price effective from Koha item type
        Munich Library Munich Library Fiction Section 10/02/2006     FIC E85 1973 M1403 04/14/2014 04/14/2014 Books

The hundred dresses /

APA

Estes E., . (1973). The hundred dresses. New York: Scholastic.

Chicago

Estes Eleanor, . 1973. The hundred dresses. New York: Scholastic.

Harvard

Estes E., . (1973). The hundred dresses. New York: Scholastic.

MLA

Estes Eleanor, . The hundred dresses. New York: Scholastic. 1973.

  • Place hold
  • Print
  • Cite
  • Add to your cart (remove)
  • Save record
    BIBTEX Dublin Core MARCXML MARC (non-Unicode/MARC-8) MARC (Unicode/UTF-8) MARC (Unicode/UTF-8, Standard) MODS (XML) RIS
  • More searches
    Search for this title in:
    Other Libraries (WorldCat) Other Databases (Google Scholar) Online Stores (Bookfinder.com) Open Library (openlibrary.org)

Exporting to Dublin Core...

SOUTHVILLE LIBRARY

Southville International School and Colleges Library

1281 Tropical Ave. Cor. Luxembourg St., BF Homes International, Las Pinas City

Tel. No. 8256374 / 252358 Loc. 117/146

Powered by Koha